| 000 | 00738cab a2200229 4500 | ||
|---|---|---|---|
| 001 | X3262 | ||
| 008 | 090401t1996 xxu||||| |||| 00| 0 eng d | ||
| 035 | _a(Sirsi) u29516 | ||
| 041 | _aeng | ||
| 245 | _aCarrel v London Underground Ltd | ||
| 260 | _c1996 | ||
| 350 | _a0 | ||
| 490 |
_aEstates Gazette _v1996 12 EG 129-134(6) |
||
| 520 | _aLT 19 April 1995 (NB Award of costs date). For abstract of case see Abs54304) | ||
| 650 | _aBLIGHT NOTICE | ||
| 650 |
_aCompulsory purchase _96228 |
||
| 650 | _aTOWN AND COUNTRY PLANNING ACT 1990 S151(1) | ||
| 650 | _aUNDERGROUND RAILWAY | ||
| 690 | _aENVIRONMENTAL AND LAND CONSULTANCY-PLANNING AND DEVELOPMENT-COMPULSORY PURCHASE AND COMPENSATION | ||
| 942 | _n0 | ||
| 948 | _c04/03/1997 | ||
| 999 |
_c19873 _d19873 |
||